000 00616nam a2200205 4500
001 3337
005 20181127171034.0
010 0 0 _a
020 0 0 _a8184040423
090 0 0 _a658.0722 N273d 2008
100 0 0 _aNatarajan, B.
245 0 0 _aDeveloping analytical skills :
_bCase studies in management /
_cDr. B. Natarajan and S. K. Nagarajan.
_h
250 0 0 _a
260 0 0 _aMumbai :
_bShroff publishers,
_c2008.
300 0 0 _axiii, 615 p.
500 0 0 _a
650 0 0 _a Industrial management --Case studies.
_x
650 0 0 _aBusiness management --Case studies.
_x
700 _aNagarajan, S. K.
_b
_c
_d
_e
_k
_l
_m
_n
_o
_p
_q
_r
_s
_t
999 _c2699
_d2699